Statistiken für Depeche Mode All Songs Part 1

Klicken Sie hier um das Quiz zu spielen!

Allgemein

  • Dieses Quiz wurde 21 mal gespielt
    (16 seit der letzten Aktualisierung)
  • Das Durchschnittsergebnis liegt bei 55 aus 144

Antwortstatistiken

% Korrekt
Black Celebration
83%
Enjoy the Silence
83%
Home
83%
Just Can’t Get Enough
83%
New Life
83%
People Are People
83%
Personal Jesus
83%
Blasphemous Rumours
67%
Dream On
67%
Everything Counts
67%
Nothing
67%
Policy of Truth
67%
Somebody
67%
Strangelove
67%
Tora! Tora! Tora!
67%
Useless
67%
Waiting for the Night
67%
Walking in My Shoes
67%
World In My Eyes
67%
Any Second Now
50%
A Question of Lust
50%
A Question of Time
50%
Barrel of a Gun
50%
Big Muff
50%
Boys Say Go!
50%
But Not Tonight
50%
Dreaming of Me
50%
Fly On the Windscreen
50%
Halo
50%
Ice Machine
50%
I Feel Loved
50%
I Feel You
50%
It Doesn't Matter
50%
It Doesn't Matter Two
50%
It's No Good
50%
Kaleid
50%
Master and Servant
50%
Never Let Me Down Again
50%
Nodisco
50%
Nothing to Fear
50%
Photographic
50%
Puppets
50%
Shake the Disease
50%
Shout!
50%
Sister of Night
50%
Stripped
50%
The Sun and the Rainfall
50%
And Then…
33%
Any Second Now (Voices)
33%
A Photograph of You
33%
Behind the Wheel
33%
Blue Dress
33%
Breathe
33%
Christmas Island
33%
Clean
33%
Comatose
33%
Condemnation
33%
Dangerous
33%
Dressed In Black
33%
Easy Tiger
33%
Everything Counts (Reprise)
33%
Flexible
33%
Fools
33%
Freelove
33%
Get the Balance Right!
33%
Goodnight Lovers
33%
Happiest Girl
33%
Here Is the House
33%
I Am You
33%
If You Want
33%
Insight
33%
In Your Memory
33%
In Your Room
33%
I Sometimes Wish I Was Dead
33%
It's Called a Heart
33%
I Want You Now
33%
Leave in Silence
33%
Lie to Me
33%
Little 15
33%
Love, In Itself
33%
Lovetheme
33%
Memphisto
33%
Monument
33%
More Than a Party
33%
My Secret Garden
33%
New Dress
33%
Now This Is Fun
33%
Oberkorn (It’s a Small Town)
33%
Pimpf
33%
Pipeline
33%
Satellite
33%
Sea of Sin
33%
See You
33%
(Set Me Free) Remotivate Me
33%
Shame
33%
Shine
33%
Shouldn’t Have Done That
33%
Sibeling
33%
Something to Do
33%
Stories of Old
33%
Sweetest Perfection
33%
The Dead of Night
33%
The Great Outdoors!
33%
The Landscape Is Changing
33%
The Love Thieves
33%
The Meaning of Love
33%
The Sweetest Condition
33%
The Things You Said
33%
To Have and to Hold
33%
Told You So
33%
Two Minute Warning
33%
Uselink
33%
What’s Your Name?
33%
When the Body Speaks
33%
Work Hard!
33%
Agent Orange
17%
Black Day
17%
Breathing In Fumes
17%
Death’s Door
17%
Dirt
17%
Freestate
17%
Get Right With Me
17%
Headstar
17%
Higher Love
17%
Jazz Thieves
17%
Judas
17%
Junior Painkiller
17%
Mercy in You
17%
My Joy
17%
One Caress
17%
Only When I Lose Myself
17%
Painkiller
17%
Pleasure, Little Treasure
17%
Route 66
17%
Rush
17%
Sacred
17%
Slowblow
17%
Sometimes
17%
Sonata No.14 in C#m (Moonlight Sonata)
17%
Stjarna
17%
Surrender
17%
The Bottom Line
17%
World Full of Nothing
17%
Zenstation
17%

Verteilung der Resultate

Perzentil nach korrekt beantworteten Fragen

Anzahl Personen mit jedem Resultat

Ihre Resultats-Entwicklung

Sie haben dieses Quiz seit der letzten Aktualisierung nicht gespielt